| 000 | 01169nam a22002415i 4500 | ||
|---|---|---|---|
| 001 | 157930 | ||
| 003 | ES-MaACL | ||
| 005 | 20250904002214.0 | ||
| 008 | 990625s1892 fr af |||| | fre d | ||
| 040 |
_aCCPB | B _bspa _cCCPB | B |
||
| 100 | 1 |
_aLombroso, Cesare, _d1835-1909 _9242173 |
|
| 245 | 1 | 3 |
_aLe crime politique et les révolutions par rapport au droit, à l'anthropologie criminelle et à la science du gouvernement / _cC. Lombroso & R. Laschi ; traduit par A. Bouchard. |
| 260 |
_aParis : _bFélix Alcan, éditeur, _c1892. |
||
| 300 |
_a2 v. (XIII, 296 p., IV h. de lám. pleg.; 428 p., V h. de lám. pleg.) ; _c22 cm. |
||
| 490 | 1 | _aBibliothèque de philosophie contemporaine | |
| 650 | 7 |
_aAntropología criminal _2embne _99866 |
|
| 700 | 1 |
_aLaschi, Rodolfo. _9128717 |
|
| 700 | 1 |
_aBouchard, Abel, _d1833-1899 _9126097 |
|
| 830 | 0 |
_aBibliothèque de philosophie contemporaine _9181027 |
|
| 852 |
_aES-MaACL _jB-6852-53 _z-- Enc. pasta española _x-- Edic.: T.I (XIII, 296 p., [2] h. pleg. de lám.) - T.II (428 p., [2] h. de lám.) -- El imp. es: Pignerol : Imprimerie Chiantore-Mascarelli |
||
| 999 |
_c157930 _d157930 |
||